A3 Financial Accounting: Study Text Foundation level. (Record no. 1521)

MARC details
005 - DATE AND TIME OF LATEST TRANSACTION
control field 20250416123358.0
020 ## - INTERNATIONAL STANDARD BOOK NUMBER
International Standard Book Number 978-9976-78-073-4
082 ## - DEWEY DECIMAL CLASSIFICATION NUMBER
Classification number 657 NBA
111 ## - MAIN ENTRY--MEETING NAME
Meeting name or jurisdiction name as entry element NBAA
245 ## - TITLE STATEMENT
Title A3 Financial Accounting: Study Text Foundation level.
260 ## - PUBLICATION, DISTRIBUTION, ETC.
Place of publication, distribution, etc. Dar es Salaam,
Name of publisher, distributor, etc. NBAA,
Date of publication, distribution, etc. 2019.
300 ## - PHYSICAL DESCRIPTION
Extent 559p.: ill.;
Dimensions 29cm
942 ## - ADDED ENTRY ELEMENTS (KOHA)
Source of classification or shelving scheme Dewey Decimal Classification
Koha item type Books

No items available.